| 000 | 00777nam a22001937a 4500 | ||
|---|---|---|---|
| 003 | AUA.1 | ||
| 005 | 20180828123235.0 | ||
| 008 | 111208t xxu||||| |||| 00| 0 eng d | ||
| 020 | _a1889638-47-1 | ||
| 040 | _cY | ||
| 050 |
_aBV 652.25 _b.S37 2005 |
||
| 100 |
_aChristian A. Schwarz _917180 |
||
| 245 |
_aColor your world with natural church development : _bExperiencing all tha God has designed you to be / _cChristian A. Schwarz. |
||
| 260 |
_aUSA. : _bChurchSmart Resources, _c2005. |
||
| 300 |
_a191 p. : _c24 cm. |
||
| 500 | _aAppendix | ||
| 650 |
_aColor your world with natural church development: _vExperiencing all tha God has designed you to be/ _xGod has designed you _ynatural church development: _917181 |
||
| 942 |
_2lcc _cBOOK _hBV 652.25 _i.S37 2005 |
||
| 999 |
_c4857 _d4857 |
||